[Event "European Chess Club Cup 2023"]
[Site "Durres, Albania"]
[Date "2023.10.05"]
[Round "5.47"]
[White "Barthel, Ansgar"]
[Black "Van Veenendaal, Elmer"]
[Result "1-0"]
[TimeControl "90' + 30' & 30\""]
[WhiteElo "2056"]
[BlackElo "1998"]

1. e4 {[%clk 01:30:55]} {[%emt 00:00:05]} d6 {[%clk 01:30:53]} {[%emt
00:00:08]} 2. d4 {[%clk 01:31:19]} {[%emt 00:00:06]} g6 {[%clk 01:31:16]}
{[%emt 00:00:07]} 3. Nc3 {[%clk 01:31:33]} {[%emt 00:00:16]} Bg7 {[%clk
01:31:39]} {[%emt 00:00:07]} 4. Be3 {[%clk 01:31:52]} {[%emt 00:00:11]} a6
{[%clk 01:32:02]} {[%emt 00:00:07]} 5. Qd2 {[%clk 01:29:56]} {[%emt 00:02:26]}
b5 {[%clk 01:31:16]} {[%emt 00:01:15]} 6. O-O-O {[%clk 01:29:18]} {[%emt
00:01:09]} Bb7 {[%clk 01:30:59]} {[%emt 00:00:47]} 7. f3 {[%clk 01:29:37]}
{[%emt 00:00:11]} Nd7 {[%clk 01:29:19]} {[%emt 00:02:10]} 8. h4 {[%clk
01:29:32]} {[%emt 00:00:34]} h6 {[%clk 01:27:19]} {[%emt 00:02:30]} 9. g4
{[%clk 01:29:32]} {[%emt 00:00:30]} h5 {[%clk 01:15:14]} {[%emt 00:12:36]} 10.
gxh5 {[%clk 01:14:17]} {[%emt 00:15:45]} Rxh5 {[%clk 01:13:11]} {[%emt
00:02:32]} 11. Nge2 {[%clk 01:09:42]} {[%emt 00:05:06]} e6 {[%clk 01:02:11]}
{[%emt 00:11:29]} 12. Qe1 {[%clk 00:14:17]} {[%emt 00:55:56]} Bf6 {[%clk
00:50:08]} {[%emt 00:12:33]} 13. Bf2 {[%clk 00:14:40]} {[%emt 00:00:07]} g5
{[%clk 00:34:03]} {[%emt 00:16:35]} 14. Rg1 {[%clk 00:14:43]} {[%emt 00:00:28]}
e5 {[%clk 00:25:54]} {[%emt 00:08:38]} 15. Kb1 {[%clk 00:11:32]} {[%emt
00:03:41]} Ne7 {[%clk 00:20:30]} {[%emt 00:05:54]} 16. hxg5 {[%clk 00:11:50]}
{[%emt 00:00:13]} Rxg5 {[%clk 00:20:12]} {[%emt 00:00:48]} 17. Rxg5 {[%clk
00:11:32]} {[%emt 00:00:48]} Bxg5 {[%clk 00:20:40]} {[%emt 00:00:02]} 18. Bh3
{[%clk 00:10:51]} {[%emt 00:01:09]} Bf6 {[%clk 00:16:43]} {[%emt 00:04:28]} 19.
Bh4 {[%clk 00:09:47]} {[%emt 00:01:34]} Ng6 {[%clk 00:15:51]} {[%emt 00:01:22]}
20. Bg3 {[%clk 00:07:30]} {[%emt 00:02:47]} Qe7 {[%clk 00:11:17]} {[%emt
00:05:05]} 21. Qf2 {[%clk 00:06:19]} {[%emt 00:01:41]} Nb6 {[%clk 00:08:51]}
{[%emt 00:02:56]} 22. dxe5 {[%clk 00:06:09]} {[%emt 00:00:40]} dxe5 {[%clk
00:08:40]} {[%emt 00:00:41]} 23. Nc1 {[%clk 00:04:56]} {[%emt 00:01:42]} Rd8
{[%clk 00:05:07]} {[%emt 00:04:04]} 24. Qe1 {[%clk 00:05:16]} {[%emt 00:00:10]}
Nc4 {[%clk 00:02:44]} {[%emt 00:02:53]} 25. Bf1 {[%clk 00:05:06]} {[%emt
00:00:39]} Qb4 {[%clk 00:02:05]} {[%emt 00:01:09]} 26. Rxd8+ {[%clk 00:05:18]}
{[%emt 00:00:19]} Bxd8 {[%clk 00:02:15]} {[%emt 00:00:19]} 27. Nb3 {[%clk
00:04:59]} {[%emt 00:00:49]} Bg5 {[%clk 00:02:03]} {[%emt 00:00:43]} 28. Bxc4
{[%clk 00:03:41]} {[%emt 00:01:48]} bxc4 {[%clk 00:01:54]} {[%emt 00:00:39]} 29.
Nc1 {[%clk 00:03:51]} {[%emt 00:00:20]} Bc6 {[%clk 00:01:32]} {[%emt 00:00:52]}
30. Bf2 {[%clk 00:03:15]} {[%emt 00:01:06]} Nf4 {[%clk 00:01:13]} {[%emt
00:00:49]} 31. Qf1 {[%clk 00:02:51]} {[%emt 00:00:54]} Bb5 {[%clk 00:01:11]}
{[%emt 00:00:32]} 32. N1e2 {[%clk 00:01:54]} {[%emt 00:01:26]} Nd3 {[%clk
00:00:43]} {[%emt 00:00:58]} 33. cxd3 {[%clk 00:01:52]} {[%emt 00:00:33]} cxd3
{[%clk 00:01:12]} {[%emt 00:00:02]} 34. Ng3 {[%clk 00:01:14]} {[%emt 00:01:07]}
Bc4 {[%clk 00:00:51]} {[%emt 00:00:51]} 35. Qd1 {[%clk 00:01:24]} {[%emt
00:00:19]} d2 {[%clk 00:00:53]} {[%emt 00:00:30]} 36. Nf5 {[%clk 00:01:01]}
{[%emt 00:00:52]} Bd3+ {[%clk 00:00:39]} {[%emt 00:00:44]} 37. Ka1 {[%clk
00:01:27]} {[%emt 00:00:04]} c5 {[%clk 00:00:32]} {[%emt 00:00:36]} 38. Be3
{[%clk 00:01:30]} {[%emt 00:00:27]} Bxe3 {[%clk 00:00:41]} {[%emt 00:00:22]} 39.
Nxe3 {[%clk 00:01:56]} {[%emt 00:00:04]} Qd4 {[%clk 00:00:35]} {[%emt
00:00:36]} 40. Qxd2 {[%clk 00:02:08]} {[%emt 00:00:18]} c4 {[%clk 00:00:50]}
{[%emt 00:00:15]} 41. Ncd5 {[%clk 00:01:57]} {[%emt 00:00:39]} Kf8 {[%clk
00:29:02]} {[%emt 00:02:20]} 42. Qb4+ {[%clk 00:26:48]} {[%emt 00:05:38]} Kg8
{[%clk 00:27:30]} {[%emt 00:02:03]} 43. Nf6+ {[%clk 00:27:03]} {[%emt
00:00:14]} Kg7 {[%clk 00:19:52]} {[%emt 00:08:09]} 44. Nf5+ {[%clk 00:27:23]}
{[%emt 00:00:10]} Kxf6 {[%clk 00:19:29]} {[%emt 00:00:53]} 45. Nxd4 {[%clk
00:27:42]} {[%emt 00:00:11]} exd4 {[%clk 00:19:58]} {[%emt 00:00:01]} 46. Qd6+
{[%clk 00:27:44]} {[%emt 00:00:25]} 1-0

[Event "European Chess Club Cup 2023"]
[Site "Durres, Albania"]
[Date "2023.10.05"]
[Round "5.48"]
[White "Titus, Branco"]
[Black "Jacques, Robert"]
[Result "1-0"]
[TimeControl "90' + 30' & 30\""]
[WhiteElo "1981"]
[BlackElo "2041"]

1. e4 {[%clk 01:30:58]} {[%emt 00:00:01]} e5 {[%clk 01:30:42]} {[%emt
00:00:17]} 2. Nf3 {[%clk 01:31:24]} {[%emt 00:00:06]} Nc6 {[%clk 01:31:06]}
{[%emt 00:00:04]} 3. Bb5 {[%clk 01:31:51]} {[%emt 00:00:05]} Nge7 {[%clk
01:31:26]} {[%emt 00:00:09]} 4. d4 {[%clk 01:22:34]} {[%emt 00:09:48]} exd4
{[%clk 01:31:32]} {[%emt 00:00:23]} 5. Nxd4 {[%clk 01:22:46]} {[%emt 00:00:19]}
a6 {[%clk 01:31:55]} {[%emt 00:00:06]} 6. Be2 {[%clk 01:19:16]} {[%emt
00:04:00]} Nxd4 {[%clk 01:30:38]} {[%emt 00:01:47]} 7. Qxd4 {[%clk 01:19:42]}
{[%emt 00:00:05]} Nc6 {[%clk 01:30:55]} {[%emt 00:00:12]} 8. Qe3 {[%clk
01:16:54]} {[%emt 00:03:19]} Bb4+ {[%clk 01:28:53]} {[%emt 00:02:31]} 9. c3
{[%clk 01:10:11]} {[%emt 00:07:14]} Ba5 {[%clk 01:28:46]} {[%emt 00:00:36]} 10.
Qg3 {[%clk 01:10:28]} {[%emt 00:00:14]} Qf6 {[%clk 01:23:04]} {[%emt 00:06:12]}
11. Be3 {[%clk 01:07:31]} {[%emt 00:03:27]} b5 {[%clk 01:20:52]} {[%emt
00:02:41]} 12. a3 {[%clk 01:01:08]} {[%emt 00:06:54]} O-O {[%clk 01:11:13]}
{[%emt 00:10:09]} 13. Nd2 {[%clk 00:51:00]} {[%emt 00:10:38]} Re8 {[%clk
01:06:51]} {[%emt 00:04:51]} 14. Rc1 {[%clk 00:47:53]} {[%emt 00:03:38]} Ne7
{[%clk 01:01:14]} {[%emt 00:06:06]} 15. Bf3 {[%clk 00:30:55]} {[%emt 00:17:29]}
d5 {[%clk 00:56:14]} {[%emt 00:05:30]} 16. O-O {[%clk 00:28:55]} {[%emt
00:02:30]} Bb7 {[%clk 00:36:36]} {[%emt 00:20:08]} 17. Rfe1 {[%clk 00:25:48]}
{[%emt 00:03:37]} Rad8 {[%clk 00:30:36]} {[%emt 00:06:29]} 18. Nb3 {[%clk
00:22:11]} {[%emt 00:04:09]} Bb6 {[%clk 00:30:34]} {[%emt 00:00:31]} 19. Nc5
{[%clk 00:22:35]} {[%emt 00:00:06]} Bxc5 {[%clk 00:29:42]} {[%emt 00:01:21]} 20.
Bxc5 {[%clk 00:22:44]} {[%emt 00:00:22]} c6 {[%clk 00:23:55]} {[%emt 00:06:17]}
21. Qc7 {[%clk 00:18:39]} {[%emt 00:04:36]} Bc8 {[%clk 00:17:51]} {[%emt
00:06:33]} 22. exd5 {[%clk 00:19:04]} {[%emt 00:00:06]} Nxd5 {[%clk 00:12:04]}
{[%emt 00:06:17]} 23. Bxd5 {[%clk 00:18:36]} {[%emt 00:00:58]} 1-0

[Event "European Chess Club Cup 2023"]
[Site "Durres, Albania"]
[Date "2023.10.05"]
[Round "5.50"]
[White "Pantzar, Milton"]
[Black "Kobo, Ori"]
[Result "0-1"]
[TimeControl "90' + 30' & 30\""]
[WhiteElo "2453"]
[BlackElo "2551"]

1. d4 {[%clk 01:30:49]} {[%emt 00:00:10]} Nf6 {[%clk 01:30:41]} {[%emt
00:00:16]} 2. Nf3 {[%clk 01:31:05]} {[%emt 00:00:17]} g6 {[%clk 01:30:58]}
{[%emt 00:00:12]} 3. g3 {[%clk 01:30:59]} {[%emt 00:00:37]} Bg7 {[%clk
01:31:10]} {[%emt 00:00:17]} 4. Bg2 {[%clk 01:31:16]} {[%emt 00:00:14]} d6
{[%clk 01:31:06]} {[%emt 00:00:33]} 5. O-O {[%clk 01:31:31]} {[%emt 00:00:16]}
O-O {[%clk 01:31:12]} {[%emt 00:00:20]} 6. Re1 {[%clk 01:30:57]} {[%emt
00:01:07]} Nbd7 {[%clk 01:30:41]} {[%emt 00:01:01]} 7. e4 {[%clk 01:30:37]}
{[%emt 00:00:50]} e5 {[%clk 01:31:05]} {[%emt 00:00:06]} 8. Nc3 {[%clk
01:29:56]} {[%emt 00:01:12]} c6 {[%clk 01:31:21]} {[%emt 00:00:12]} 9. a4
{[%clk 01:26:40]} {[%emt 00:03:48]} Qc7 {[%clk 01:31:42]} {[%emt 00:00:09]} 10.
h3 {[%clk 01:24:34]} {[%emt 00:02:37]} b6 {[%clk 01:29:47]} {[%emt 00:02:23]}
11. Be3 {[%clk 01:22:29]} {[%emt 00:02:35]} a6 {[%clk 01:27:56]} {[%emt
00:02:21]} 12. Qd2 {[%clk 01:06:50]} {[%emt 00:16:09]} Bb7 {[%clk 01:28:08]}
{[%emt 00:00:17]} 13. Bh6 {[%clk 01:02:57]} {[%emt 00:04:24]} b5 {[%clk
01:24:54]} {[%emt 00:03:44]} 14. Bxg7 {[%clk 01:02:06]} {[%emt 00:01:22]} Kxg7
{[%clk 01:25:15]} {[%emt 00:00:08]} 15. axb5 {[%clk 00:56:42]} {[%emt
00:05:55]} cxb5 {[%clk 01:21:52]} {[%emt 00:03:53]} 16. Nd5 {[%clk 00:51:30]}
{[%emt 00:05:43]} Nxd5 {[%clk 01:05:14]} {[%emt 00:17:08]} 17. exd5 {[%clk
00:51:52]} {[%emt 00:00:07]} Rae8 {[%clk 01:02:14]} {[%emt 00:03:29]} 18. dxe5
{[%clk 00:43:52]} {[%emt 00:08:31]} dxe5 {[%clk 01:02:23]} {[%emt 00:00:20]} 19.
b3 {[%clk 00:27:15]} {[%emt 00:17:08]} Qc5 {[%clk 00:56:53]} {[%emt 00:05:59]}
20. c4 {[%clk 00:21:37]} {[%emt 00:06:09]} bxc4 {[%clk 00:56:41]} {[%emt
00:00:42]} 21. bxc4 {[%clk 00:21:46]} {[%emt 00:00:21]} Qxc4 {[%clk 00:56:26]}
{[%emt 00:00:45]} 22. Qb2 {[%clk 00:18:35]} {[%emt 00:03:41]} Qb5 {[%clk
00:36:32]} {[%emt 00:20:24]} 23. Qxb5 {[%clk 00:16:57]} {[%emt 00:02:09]} axb5
{[%clk 00:36:52]} {[%emt 00:00:09]} 24. Ra7 {[%clk 00:17:11]} {[%emt 00:00:15]}
Rb8 {[%clk 00:36:56]} {[%emt 00:00:26]} 25. Nxe5 {[%clk 00:09:54]} {[%emt
00:07:49]} Nxe5 {[%clk 00:35:41]} {[%emt 00:01:44]} 26. Rxe5 {[%clk 00:10:18]}
{[%emt 00:00:06]} Kf6 {[%clk 00:36:03]} {[%emt 00:00:08]} 27. Re3 {[%clk
00:07:19]} {[%emt 00:03:29]} Rfd8 {[%clk 00:35:51]} {[%emt 00:00:41]} 28. Rf3+
{[%clk 00:06:14]} {[%emt 00:01:36]} Kg7 {[%clk 00:27:45]} {[%emt 00:08:36]} 29.
Rf4 {[%clk 00:06:24]} {[%emt 00:00:20]} Rd6 {[%clk 00:27:57]} {[%emt 00:00:18]}
30. h4 {[%clk 00:03:04]} {[%emt 00:03:50]} h6 {[%clk 00:13:20]} {[%emt
00:15:07]} 31. g4 {[%clk 00:02:42]} {[%emt 00:00:52]} Ra6 {[%clk 00:06:44]}
{[%emt 00:07:06]} 32. Rxa6 Bxa6 {[%clk 00:07:13]} 33. d6 {[%clk 00:01:22]}
{[%emt 00:02:12]} Rd8 {[%clk 00:03:43]} {[%emt 00:03:58]} 34. Bd5 {[%clk
00:00:55]} {[%emt 00:00:58]} f6 {[%clk 00:03:36]} {[%emt 00:00:37]} 35. Re4
{[%clk 00:00:49]} {[%emt 00:00:36]} Rxd6 {[%clk 00:03:58]} {[%emt 00:00:07]} 36.
Re7+ {[%clk 00:01:04]} {[%emt 00:00:15]} Kf8 {[%clk 00:04:01]} {[%emt
00:00:27]} 37. Rf7+ {[%clk 00:01:29]} {[%emt 00:00:06]} Ke8 {[%clk 00:04:26]}
{[%emt 00:00:05]} 38. Bb3 {[%clk 00:01:35]} {[%emt 00:00:24]} Bc8 {[%clk
00:02:33]} {[%emt 00:02:23]} 39. Rh7 {[%clk 00:00:50]} {[%emt 00:01:15]} Bxg4
{[%clk 00:02:09]} {[%emt 00:00:53]} 40. Bf7+ {[%clk 00:00:52]} {[%emt
00:00:28]} Kf8 {[%clk 00:01:07]} {[%emt 00:01:32]} 41. Bxg6 {[%clk 00:01:08]}
{[%emt 00:00:15]} Rd7 {[%clk 00:00:45]} {[%emt 00:00:51]} 42. Rxd7 {[%clk
00:23:06]} {[%emt 00:08:32]} Bxd7 {[%clk 00:31:13]} {[%emt 00:00:02]} 43. f4
{[%clk 00:23:31]} {[%emt 00:00:06]} Ke7 {[%clk 00:29:34]} {[%emt 00:02:08]} 44.
Kf2 {[%clk 00:23:37]} {[%emt 00:00:25]} Kd6 {[%clk 00:29:10]} {[%emt 00:00:51]}
45. Ke3 {[%clk 00:23:27]} {[%emt 00:00:43]} Kd5 {[%clk 00:27:44]} {[%emt
00:01:55]} 46. Kd3 {[%clk 00:23:27]} {[%emt 00:00:30]} Be6 {[%clk 00:25:10]}
{[%emt 00:03:04]} 47. Kc3 {[%clk 00:22:35]} {[%emt 00:01:23]} Kc5 {[%clk
00:22:35]} {[%emt 00:03:04]} 48. Bh7 {[%clk 00:22:32]} {[%emt 00:00:34]} Bc4
{[%clk 00:19:15]} {[%emt 00:03:49]} 0-1

[Event "European Chess Club Cup 2023"]
[Site "Durres, Albania"]
[Date "2023.10.05"]
[Round "5.52"]
[White "Smith, Axel"]
[Black "Greenfeld, Alon"]
[Result "1/2-1/2"]
[TimeControl "90' + 30' & 30\""]
[WhiteElo "2412"]
[BlackElo "2455"]

1. d4 {[%clk 01:30:59]} d5 {[%clk 01:21:47]} {[%emt 00:09:13]} 2. c4 {[%clk
01:31:27]} {[%emt 00:00:02]} dxc4 {[%clk 01:21:19]} {[%emt 00:00:58]} 3. e4
{[%clk 01:31:56]} {[%emt 00:00:02]} e5 {[%clk 01:15:43]} {[%emt 00:06:06]} 4.
Nf3 {[%clk 01:31:47]} {[%emt 00:00:39]} Bb4+ {[%clk 01:16:01]} {[%emt
00:00:11]} 5. Nc3 {[%clk 01:31:29]} {[%emt 00:00:49]} exd4 {[%clk 01:14:36]}
{[%emt 00:01:55]} 6. Qxd4 {[%clk 01:31:39]} {[%emt 00:00:20]} Qxd4 {[%clk
01:14:04]} {[%emt 00:01:02]} 7. Nxd4 {[%clk 01:32:07]} {[%emt 00:00:02]} Nf6
{[%clk 01:02:48]} {[%emt 00:11:46]} 8. f3 {[%emt 00:00:18]} Bc5 {[%clk
00:50:09]} {[%emt 00:13:06]} 9. Be3 {[%clk 01:31:33]} {[%emt 00:01:19]} Nc6
{[%clk 00:49:22]} {[%emt 00:01:17]} 10. Nc2 {[%clk 01:30:17]} {[%emt 00:01:46]}
Bxe3 {[%clk 00:46:49]} {[%emt 00:03:03]} 11. Nxe3 {[%clk 01:30:45]} {[%emt
00:00:02]} Be6 {[%clk 00:46:02]} {[%emt 00:01:17]} 12. Rd1 {[%clk 01:24:18]}
{[%emt 00:06:57]} Rd8 {[%clk 00:41:58]} {[%emt 00:04:33]} 13. Rxd8+ {[%clk
01:17:55]} {[%emt 00:06:54]} Kxd8 {[%clk 00:40:47]} {[%emt 00:01:40]} 14. Bxc4
{[%clk 01:18:00]} {[%emt 00:00:26]} Bxc4 {[%clk 00:36:00]} {[%emt 00:05:16]} 15.
Nxc4 {[%clk 01:18:24]} {[%emt 00:00:07]} Kc8 {[%clk 00:36:15]} {[%emt
00:00:15]} 16. Ke2 {[%clk 00:58:14]} {[%emt 00:20:40]} Rd8 {[%clk 00:36:05]}
{[%emt 00:00:40]} 17. Rd1 {[%clk 00:57:42]} {[%emt 00:01:01]} Rxd1 {[%clk
00:36:12]} {[%emt 00:00:24]} 18. Kxd1 {[%clk 00:57:39]} {[%emt 00:00:33]} Kd7
{[%clk 00:32:14]} {[%emt 00:04:27]} 19. Kd2 {[%clk 00:56:35]} Nd4 {[%clk
00:26:35]} {[%emt 00:07:43]} 20. Ke3 {[%clk 00:44:13]} {[%emt 00:12:54]} Nc2+
{[%clk 00:22:16]} {[%emt 00:04:47]} 21. Kf4 {[%clk 00:33:16]} {[%emt 00:12:46]}
Ne8 {[%clk 00:20:16]} {[%emt 00:03:12]} 22. e5 {[%clk 00:31:59]} {[%emt
00:01:47]} Ke6 {[%clk 00:19:50]} {[%emt 00:00:56]} 23. g4 {[%clk 00:25:52]}
{[%emt 00:06:37]} f6 {[%clk 00:18:49]} {[%emt 00:01:30]} 24. exf6 {[%clk
00:15:52]} {[%emt 00:10:31]} Nxf6 {[%clk 00:18:55]} {[%emt 00:00:23]} 25. g5
{[%clk 00:15:14]} {[%emt 00:01:09]} Nd5+ {[%clk 00:15:51]} {[%emt 00:03:33]} 26.
Ke4 {[%clk 00:15:18]} {[%emt 00:00:28]} Nxc3+ {[%clk 00:09:25]} {[%emt
00:06:55]} 27. bxc3 {[%clk 00:15:46]} {[%emt 00:00:02]} b5 {[%clk 00:09:48]}
{[%emt 00:00:07]} 28. Ne5 {[%clk 00:14:53]} {[%emt 00:01:24]} c5 {[%clk
00:09:57]} {[%emt 00:00:20]} 29. h4 {[%clk 00:09:23]} {[%emt 00:06:00]} g6
{[%clk 00:08:38]} {[%emt 00:01:49]} 30. Nd3 {[%clk 00:09:08]} {[%emt 00:00:45]}
Kd6 {[%clk 00:07:15]} {[%emt 00:01:52]} 31. Nf4 {[%clk 00:07:00]} {[%emt
00:02:39]} c4 {[%clk 00:05:57]} {[%emt 00:01:48]} 32. h5 {[%clk 00:07:18]}
{[%emt 00:00:12]} gxh5 33. Nxh5 {[%clk 00:07:46]} b4 {[%clk 00:04:13]} {[%emt
00:01:15]} 34. cxb4 {[%clk 00:07:54]} {[%emt 00:00:23]} c3 {[%clk 00:03:50]}
{[%emt 00:00:53]} 35. Kd3 {[%clk 00:03:43]} {[%emt 00:04:40]} Ne1+ {[%clk
00:03:53]} {[%emt 00:00:27]} 36. Kxc3 {[%clk 00:04:08]} {[%emt 00:00:05]} Nxf3
{[%clk 00:04:18]} {[%emt 00:00:05]} 37. Kc4 {[%clk 00:04:08]} {[%emt 00:00:30]}
a6 {[%clk 00:03:30]} {[%emt 00:01:18]} 38. b5 {[%clk 00:03:16]} {[%emt
00:01:23]} axb5+ {[%clk 00:03:40]} {[%emt 00:00:19]} 39. Kxb5 {[%clk 00:03:44]}
{[%emt 00:00:03]} Kc7 {[%clk 00:03:23]} {[%emt 00:00:45]} 40. Kc5 {[%clk
00:02:23]} {[%emt 00:01:52]} Nxg5 {[%clk 00:03:34]} {[%emt 00:00:18]} 41. Kd5
{[%clk 00:02:52]} {[%emt 00:00:02]} Kb6 {[%clk 00:03:31]} {[%emt 00:00:32]} 42.
Ke5 {[%clk 00:03:18]} {[%emt 00:00:05]} Kb5 {[%clk 00:03:43]} {[%emt 00:00:17]}
43. Kf6 {[%clk 00:03:41]} {[%emt 00:00:07]} Ne4+ {[%clk 00:04:03]} {[%emt
00:00:10]} 44. Kg7 {[%clk 00:04:04]} {[%emt 00:00:09]} Nc3 {[%clk 00:04:25]}
{[%emt 00:00:07]} 45. Kxh7 {[%clk 00:04:25]} {[%emt 00:00:09]} Nxa2 {[%clk
00:04:41]} {[%emt 00:00:13]} 1/2-1/2

[Event "European Chess Club Cup 2023"]
[Site "Durres, Albania"]
[Date "2023.10.05"]
[Round "5.53"]
[White "Postny, Evgeny"]
[Black "Nord, Alexander"]
[Result "1-0"]
[TimeControl "90' + 30' & 30\""]
[WhiteElo "2568"]
[BlackElo "2201"]

1. d4 {[%clk 01:30:55]} {[%emt 00:00:04]} d5 {[%clk 01:30:52]} {[%emt
00:00:08]} 2. c4 {[%clk 01:31:09]} {[%emt 00:00:17]} c6 {[%clk 01:31:16]}
{[%emt 00:00:06]} 3. Nf3 {[%clk 01:31:26]} {[%emt 00:00:13]} Nf6 {[%clk
01:31:32]} {[%emt 00:00:14]} 4. g3 {[%clk 01:30:52]} {[%emt 00:01:03]} dxc4
{[%clk 01:31:01]} {[%emt 00:01:02]} 5. Bg2 {[%clk 01:31:17]} {[%emt 00:00:04]}
g6 {[%clk 01:31:23]} {[%emt 00:00:09]} 6. a4 {[%clk 01:30:14]} {[%emt
00:01:33]} Bg7 {[%clk 01:30:14]} {[%emt 00:01:38]} 7. O-O {[%clk 01:29:05]}
{[%emt 00:01:39]} O-O {[%clk 01:29:54]} {[%emt 00:00:50]} 8. Na3 {[%clk
01:28:49]} {[%emt 00:00:46]} Be6 {[%clk 01:26:07]} {[%emt 00:04:17]} 9. Bf4
{[%clk 01:15:08]} {[%emt 00:14:12]} Bd5 {[%clk 01:08:00]} {[%emt 00:18:36]} 10.
Rc1 {[%clk 01:09:51]} {[%emt 00:05:47]} Na6 {[%clk 00:54:45]} {[%emt 00:13:44]}
11. Nxc4 {[%clk 01:09:31]} {[%emt 00:00:52]} Nb4 {[%clk 00:42:49]} {[%emt
00:12:26]} 12. b3 {[%clk 01:04:44]} {[%emt 00:05:17]} a5 {[%clk 00:41:35]}
{[%emt 00:01:45]} 13. Re1 {[%clk 01:01:14]} {[%emt 00:03:59]} Re8 {[%clk
00:27:26]} {[%emt 00:14:40]} 14. Nce5 {[%clk 00:46:04]} {[%emt 00:15:39]} h6
{[%clk 00:22:06]} {[%emt 00:05:51]} 15. h4 {[%clk 00:45:29]} {[%emt 00:01:04]}
Qb6 {[%clk 00:20:45]} {[%emt 00:01:51]} 16. Nc4 {[%clk 00:43:14]} {[%emt
00:02:45]} Qd8 {[%clk 00:19:15]} {[%emt 00:01:59]} 17. Be5 {[%clk 00:41:42]}
{[%emt 00:02:03]} Nd7 {[%clk 00:15:58]} {[%emt 00:03:48]} 18. Bxg7 {[%clk
00:40:49]} {[%emt 00:01:23]} Kxg7 {[%clk 00:16:26]} {[%emt 00:00:02]} 19. Qd2
{[%clk 00:37:39]} {[%emt 00:03:40]} Qc7 {[%clk 00:15:35]} {[%emt 00:01:20]} 20.
h5 {[%clk 00:33:39]} {[%emt 00:04:31]} Bxc4 {[%clk 00:11:16]} {[%emt 00:04:49]}
21. Rxc4 {[%clk 00:32:48]} {[%emt 00:01:21]} e5 {[%clk 00:08:32]} {[%emt
00:03:14]} 22. hxg6 {[%clk 00:31:33]} {[%emt 00:01:45]} fxg6 {[%clk 00:09:00]}
{[%emt 00:00:01]} 23. d5 {[%clk 00:28:24]} {[%emt 00:03:40]} Nb6 {[%clk
00:08:14]} {[%emt 00:01:16]} 24. Rh4 {[%clk 00:28:43]} {[%emt 00:00:11]} h5
{[%clk 00:06:29]} {[%emt 00:02:14]} 25. d6 {[%clk 00:22:40]} {[%emt 00:06:34]}
Qd8 {[%clk 00:06:47]} {[%emt 00:00:12]} 26. g4 {[%clk 00:18:58]} {[%emt
00:04:12]} N6d5 {[%clk 00:04:30]} {[%emt 00:02:47]} 27. gxh5 {[%clk 00:18:38]}
{[%emt 00:00:50]} Nf4 {[%clk 00:04:24]} {[%emt 00:00:35]} 28. hxg6 {[%clk
00:15:13]} {[%emt 00:03:55]} Qf6 {[%clk 00:03:11]} {[%emt 00:01:43]} 29. Rg4
{[%clk 00:11:23]} {[%emt 00:04:20]} Rh8 {[%clk 00:02:49]} {[%emt 00:00:52]} 30.
Nxe5 {[%clk 00:07:28]} {[%emt 00:04:25]} Nh3+ {[%clk 00:00:34]} {[%emt
00:02:45]} 31. Bxh3 {[%clk 00:07:50]} {[%emt 00:00:08]} Qxe5 {[%clk 00:01:01]}
{[%emt 00:00:04]} 32. Rg3 {[%clk 00:06:54]} {[%emt 00:01:26]} Nd5 {[%clk
00:01:14]} {[%emt 00:00:17]} 33. e3 {[%clk 00:06:10]} {[%emt 00:01:14]} Rh6
{[%clk 00:00:42]} {[%emt 00:01:01]} 34. Qd4 {[%clk 00:01:51]} {[%emt 00:04:50]}
Qxd4 {[%clk 00:00:36]} {[%emt 00:00:36]} 35. exd4 {[%clk 00:02:16]} {[%emt
00:00:05]} Rxg6 {[%clk 00:00:48]} {[%emt 00:00:18]} 36. d7 {[%clk 00:01:26]}
{[%emt 00:01:20]} Rxg3+ {[%clk 00:00:57]} {[%emt 00:00:21]} 37. fxg3 {[%clk
00:01:51]} {[%emt 00:00:04]} Kf8 {[%clk 00:00:33]} {[%emt 00:00:55]} 38. Re5
{[%clk 00:01:00]} {[%emt 00:01:20]} Rd8 {[%clk 00:00:52]} {[%emt 00:00:12]} 39.
Kf2 {[%clk 00:01:13]} {[%emt 00:00:18]} b6 {[%clk 00:00:32]} {[%emt 00:00:50]}
40. Bf5 {[%clk 00:00:53]} {[%emt 00:00:49]} Nf6 {[%clk 00:00:31]} {[%emt
00:00:31]} 41. Re6 {[%clk 00:01:12]} {[%emt 00:00:11]} Nxd7 {[%clk 00:00:33]}
{[%emt 00:00:29]} 42. Rd6 {[%clk 00:01:29]} {[%emt 00:00:12]} Ke7 {[%clk
00:00:41]} {[%emt 00:00:22]} 43. Rxd7+ {[%clk 00:01:53]} {[%emt 00:00:06]} Rxd7
{[%clk 00:01:09]} {[%emt 00:00:02]} 44. Bxd7 {[%clk 00:02:18]} {[%emt
00:00:05]} 1-0